000 01112nam a22002297a 4500
999 _c7022
_d7022
003 AR-CdUCM
008 190319b ||||| |||| 00| 0 spa d
040 _aMUNICIPALIDAD PROVINCIAL DEL CUSCO
_cBIBLIOTECA MUNICIPAL DEL CUSCO
082 _a030 /
_bQ46
245 _aEnciclopedia Autodidáctica Quillet :
_bGuía de Enseñanza Moderna y Práctica /
260 _aBuenos Aires :
_bArístides Quillet ;
_c1958.
300 _a567 páginas ;
_bFotografías, tablas, fórmulas, diagramas
_c28cm
505 _aContenido: t.1: Para triunfar en la vida -- Gramática -- Snónimos -- Aritmética -- Álgebra -- Historia... t.2: Física -- Geología -- Botánica -- Geografía -- El átomo... t.3: Química -- Anatomía -- Trigonometría -- Astronomía -- Literatura -- Historia del arte... t.4: Filosofía -- Lógica -- Sociología -- Contabilidad -- Música...
650 _aBotánica
_92790
650 _aHistoria
_9136
650 _aArtes
_914491
650 _aAnatomía
_919792
650 _aFilosofía
_9395
710 _aEditorial Argentina Arístides Quillet
_919793
942 _2ddc
_cLIBROS
945 _anom